000 00776nam a22002177a 4500
005 20100729122750.0
010 _aENG-97309
020 _a9788184840469
_c980.00
035 _aEN-80842
037 _bDBAD/PUB
082 _a362.10959
100 _aArun Kumar
_91055
245 _aHealth and sex tourism /
_cby Arun Kumar [and] Kulwant Pathania
260 _aNew Delhi
_bRegal Publications
_c2010
270 _aF-159, Rajouri Garden
_bNew Delhi
_e110027
300 _a285p.
_c22cm, (Hb)
500 _aincludes bibliograhy and index
700 _aPanthania, Kulwant
_92343
942 _2ddc
_cEN
_h362.10959
_mARU
999 _c38157
_d38157